000 00926nam a22001697a 4500
003 SGT
020 _a9788177584332
082 _a547, SKY
100 _aSYKES, PETER
245 _aA GUIDEBOOK TO MECHANISM IN ORGANIC CHEMISTRY
250 _a6TH
260 _aNEW DELHI
_bPEARSON
_c2014
300 _a416
650 _aORGANIC CHEMISTRY
653 _aStructure, Reactivity, and Mechanism., Energetics, Kinetics, and the Investigation of Mechanism.,The Strengths of Acids and Bases, Nucleophilic Substitution at a Saturated Carbon Atom, Carbocations, Electron-deficient N and O Atoms and Their Reactions, Electrophilic and Nucleophilic Substitution in Aromatic Systems, Electrophilic and Nucleophilic Addition to C=C, Nucleophilic Addition to C=O, Elimination Reactions, Carbanions and Their Reactions, Radicals and Their Reactions, Symmetry Controlled Reactions, Linear Free Energy Relationships.
942 _2ddc
_cFPS
_02
999 _c9286
_d9286